[Event "Perm AVGRT op"]
[Site "Perm"]
[Date "2006.08.03"]
[Round "1"]
[White "Zamorin, Nikolai"]
[Black "Shinkar, Daniel"]
[Result "1/2-1/2"]
[WhiteElo "1991"]
[BlackElo "2205"]
[PlyCount "63"]
[EventDate "2006.08.03"]
[EventType "swiss"]
[EventRounds "9"]
[EventCountry "RUS"]
[SourceTitle "EXT 2008"]
[Source "ChessBase"]
[SourceDate "2007.11.25"]
[SourceVersion "1"]
[SourceVersionDate "2007.11.25"]
[SourceQuality "1"]

1. d4 Nf6 2. c4 e5 3. d5 Bc5 4. e3 d6 5. Nc3 a5 6. Nge2 Nbd7 7. Ng3 Nf8 8. Be2 Ng6 9. 0-0 0-0 10. e4 Nf4 11. Bf3 Bd7 12. Nce2 g5 13. Nxf4 gxf4 14. Nf5 Bxf5 15. exf5 Kh8 16. Kh1 Qd7 17. Qc2 Rae8 18. Bd1 e4 19. Bxf4 Qxf5 20. Bg3 Bd4 21. Qd2 Bb6 22. Be2 Nd7 23. Qf4 Qxf4 24. Bxf4 Bd4 25. Rab1 b6 26. b3 Be5 27. Be3 f5 28. Bh5 Re7 29. Bg5 Bf6 30. Bf4 Rg8 31. Be3 Be5 32. g3 1/2-1/2